<?xml version="1.0" encoding="UTF-8"?>
<record
    xmlns:xsi="http://www.w3.org/2001/XMLSchema-instance"
    xsi:schemaLocation="http://www.loc.gov/MARC21/slim http://www.loc.gov/standards/marcxml/schema/MARC21slim.xsd"
    xmlns="http://www.loc.gov/MARC21/slim">

  <leader>02196nas1a22002891i 4500</leader>
  <controlfield tag="001">RU\NLR\INFOCOMM55\1000087914</controlfield>
  <controlfield tag="005">20240723091041.0</controlfield>
  <datafield tag="035" ind1=" " ind2=" ">
    <subfield code="a">(NLR Aleph) 002302375</subfield>
  </datafield>
  <datafield tag="090" ind1=" " ind2=" ">
    <subfield code="a">4238231</subfield>
    <subfield code="c">4238231</subfield>
  </datafield>
  <datafield tag="100" ind1=" " ind2=" ">
    <subfield code="a">20040924c1961    |||y0rusy50      ca</subfield>
  </datafield>
  <datafield tag="101" ind1="0" ind2=" ">
    <subfield code="a">rus</subfield>
  </datafield>
  <datafield tag="102" ind1=" " ind2=" ">
    <subfield code="a">RU</subfield>
  </datafield>
  <datafield tag="110" ind1=" " ind2=" ">
    <subfield code="a">zyu||||0|y0</subfield>
  </datafield>
  <datafield tag="200" ind1="1" ind2=" ">
    <subfield code="a">&#x420;&#x430;&#x441;&#x447;&#x435;&#x442;&#x44B; &#x43D;&#x430;&#x438;&#x432;&#x44B;&#x433;&#x43E;&#x434;&#x43D;&#x435;&#x439;&#x448;&#x438;&#x445; &#x440;&#x435;&#x436;&#x438;&#x43C;&#x43E;&#x432; &#x440;&#x430;&#x431;&#x43E;&#x442;&#x44B; &#x44D;&#x43D;&#x435;&#x440;&#x433;&#x43E;&#x441;&#x438;&#x441;&#x442;&#x435;&#x43C;</subfield>
    <subfield code="f">&#x413;&#x43B;&#x430;&#x432;. &#x44D;&#x43D;&#x435;&#x440;&#x433;&#x435;&#x442;. &#x443;&#x43F;&#x440;. &#x43F;&#x440;&#x438; &#x413;&#x43E;&#x441;&#x43F;&#x43B;&#x430;&#x43D;&#x435; &#x421;&#x421;&#x421;&#x420;. (&#x421;&#x43E;&#x44E;&#x437;&#x433;&#x43B;&#x430;&#x432;&#x44D;&#x43D;&#x435;&#x440;&#x433;&#x43E;). &#x413;&#x43E;&#x441;. &#x442;&#x440;&#x435;&#x441;&#x442; &#x43F;&#x43E; &#x43E;&#x440;&#x433;&#x430;&#x43D;&#x438;&#x437;&#x430;&#x446;&#x438;&#x438; &#x438; &#x440;&#x430;&#x446;&#x438;&#x43E;&#x43D;&#x430;&#x43B;&#x438;&#x437;&#x430;&#x446;&#x438;&#x438; &#x440;&#x430;&#x439;&#x43E;&#x43D;. &#x44D;&#x43B;&#x435;&#x43A;&#x442;&#x440;&#x438;&#x447;. &#x441;&#x442;&#x430;&#x43D;&#x446;&#x438;&#x439; &#x438; &#x441;&#x435;&#x442;&#x435;&#x439;. (&#x41E;&#x420;&#x413;&#x420;&#x42D;&#x421;). &#x411;&#x44E;&#x440;&#x43E; &#x442;&#x435;&#x445;&#x43D;. &#x438;&#x43D;&#x444;&#x43E;&#x440;&#x43C;&#x430;&#x446;&#x438;&#x438;</subfield>
  </datafield>
  <datafield tag="207" ind1=" " ind2="1">
    <subfield code="a">&#x412;&#x44B;&#x43F;.2-5</subfield>
  </datafield>
  <datafield tag="210" ind1=" " ind2=" ">
    <subfield code="a">&#x41C;.</subfield>
    <subfield code="d">1961</subfield>
  </datafield>
  <datafield tag="712" ind1="0" ind2="2">
    <subfield code="a">"&#x41E;&#x440;&#x433;&#x440;&#x44D;&#x441;", &#x442;&#x440;&#x435;&#x441;&#x442;</subfield>
    <subfield code="c">&#x41C;&#x43E;&#x441;&#x43A;&#x432;&#x430;</subfield>
    <subfield code="4">570</subfield>
  </datafield>
  <datafield tag="801" ind1=" " ind2="1">
    <subfield code="a">RU</subfield>
    <subfield code="b">InfoComm</subfield>
    <subfield code="c">20040924</subfield>
  </datafield>
  <datafield tag="801" ind1=" " ind2="0">
    <subfield code="a">RU</subfield>
    <subfield code="b">NLR</subfield>
    <subfield code="g">PSBO</subfield>
  </datafield>
  <datafield tag="852" ind1=" " ind2=" ">
    <subfield code="a">NLR</subfield>
    <subfield code="j">&#x41F;10/2456</subfield>
  </datafield>
  <datafield tag="942" ind1=" " ind2=" ">
    <subfield code="c">SE</subfield>
  </datafield>
  <datafield tag="980" ind1=" " ind2=" ">
    <subfield code="a">RUSPER</subfield>
  </datafield>
</record>
